[Event "Pardubice rapid op 34th"]
[Site "Pardubice"]
[Date "2023.07.20"]
[Round "8"]
[White "Freisler, Pavel"]
[Black "Kuznecova, Marija"]
[Result "1/2-1/2"]
[WhiteElo "2299"]
[BlackElo "1967"]
[PlyCount "83"]
[EventDate "2023.07.19"]
[EventType "swiss (rapid)"]
[EventRounds "9"]
[EventCountry "CZE"]
[SourceTitle "CBM 215 Extra"]
[Source "ChessBase"]
[SourceDate "2023.09.30"]
[SourceVersion "1"]
[SourceVersionDate "2023.09.30"]
[SourceQuality "1"]

1. Nf3 d5 2. c4 d4 3. b4 f6 4. Bb2 e5 5. a3 a5 6. b5 Bd6 7. e3 dxe3 8. fxe3 Ne7 9. Nc3 0-0 10. Be2 f5 11. Qb3 Be6 12. Ng5 Qd7 13. d4 exd4 14. exd4 Bf4 15. Nxe6 Qxe6 16. Nd1 Qh6 17. Qf3 Bd2+ 18. Kf1 Nd7 19. Nf2 Nf6 20. g3 Ng4 21. Kg1 Be3 22. Rf1 Nxf2 23. Rxf2 f4 24. g4 Ng6 25. h4 Ne7 26. Kg2 Bxf2 27. Kxf2 c6 28. Bd3 Rae8 29. g5 Qd6 30. Re1 Ng6 31. h5 Nh4 32. Qg4 Rxe1 33. Kxe1 Qe7+ 34. Kd2 Qe3+ 35. Kc2 Nf3 36. Bc3 Ne1+ 37. Bxe1 Qxe1 38. h6 Qf2+ 39. Kc3 Qe1+ 40. Kc2 Qf2+ 41. Kc3 Qe1+ 42. Kc2 1/2-1/2

[Event "Pardubice rapid op 34th"]
[Site "Pardubice"]
[Date "2023.07.20"]
[Round "5"]
[White "Yun, Hungi"]
[Black "Freisler, Pavel"]
[Result "1/2-1/2"]
[WhiteElo "1696"]
[BlackElo "2299"]
[PlyCount "59"]
[EventDate "2023.07.19"]
[EventType "swiss (rapid)"]
[EventRounds "9"]
[EventCountry "CZE"]
[SourceTitle "CBM 215 Extra"]
[Source "ChessBase"]
[SourceDate "2023.09.30"]
[SourceVersion "1"]
[SourceVersionDate "2023.09.30"]
[SourceQuality "1"]

1. e4 e5 2. Nf3 Nc6 3. d4 exd4 4. Bc4 Bc5 5. c3 Nf6 6. cxd4 Bb4+ 7. Bd2 Bxd2+ 8. Nbxd2 d5 9. exd5 Nxd5 10. 0-0 0-0 11. Rc1 Be6 12. Re1 Nf4 13. Nb3 Re8 14. Bxe6 Rxe6 15. Rxe6 fxe6 16. g3 Nh3+ 17. Kg2 Ng5 18. Nxg5 Qxg5 19. Qe2 Nxd4 20. Qc4 Nc6 21. Qxe6+ Kh8 22. Re1 h6 23. h4 Qb5 24. Qf7 a5 25. h5 a4 26. Re8+ Rxe8 27. Qxe8+ Kh7 28. Qg6+ Kh8 29. Qe8+ Kh7 30. Qg6+ 1/2-1/2

[Event "CZE-chT2B 2223"]
[Site "Czech Republic"]
[Date "2023.03.05"]
[Round "10.1"]
[White "Riha, Jaroslav1111"]
[Black "Freisler, Pavel"]
[Result "0-1"]
[WhiteElo "2117"]
[BlackElo "2275"]
[PlyCount "56"]
[EventDate "2022.10.16"]
[EventType "team-tourn"]
[EventRounds "11"]
[EventCountry "CZE"]
[SourceTitle "EXT 2024"]
[Source "ChessBase"]
[SourceDate "2023.10.10"]
[SourceVersion "1"]
[SourceVersionDate "2023.10.10"]
[SourceQuality "1"]
[WhiteTeam "Litomerice III"]
[BlackTeam "Kladno"]
[WhiteTeamCountry "CZE"]
[BlackTeamCountry "CZE"]

1. c4 e6 2. g3 Nf6 3. Bg2 d5 4. Nf3 dxc4 5. Qa4+ Nbd7 6. Qxc4 a6 7. Qc2 c5 8. 0-0 Bd6 9. d4 Rb8 10. dxc5 Bxc5 11. Bf4 Ra8 12. Nc3 Qe7 13. e4 e5 14. Bg5 Qe6 15. Bxf6 Nxf6 16. Nd5 Bd6 17. Ng5 Qg4 18. Nxf6+ gxf6 19. Bh3 Qxg5 20. Bxc8 0-0 21. Bxb7 Ra7 22. Bd5 Rc7 23. Qa4 Bc5 24. Rad1 Bd4 25. Bb3 h5 26. Qxa6 h4 27. Qe2 hxg3 28. Rd3 gxf2+ 0-1

[Event "CZE-chT2B 2223"]
[Site "Czech Republic"]
[Date "2023.02.19"]
[Round "9.1"]
[White "Freisler, Pavel"]
[Black "Buchcar, Tomas"]
[Result "1/2-1/2"]
[WhiteElo "2284"]
[BlackElo "2156"]
[PlyCount "85"]
[EventDate "2022.10.16"]
[EventType "team-tourn"]
[EventRounds "11"]
[EventCountry "CZE"]
[SourceTitle "EXT 2024"]
[Source "ChessBase"]
[SourceDate "2023.10.10"]
[SourceVersion "1"]
[SourceVersionDate "2023.10.10"]
[SourceQuality "1"]
[WhiteTeam "Kladno"]
[BlackTeam "Decin"]
[WhiteTeamCountry "CZE"]
[BlackTeamCountry "CZE"]

1. d4 Nf6 2. Nf3 e6 3. g3 b6 4. Bg2 Bb7 5. c4 c5 6. d5 exd5 7. Nh4 b5 8. Nc3 bxc4 9. 0-0 Nc6 10. Nxd5 Nxd5 11. Qxd5 Na5 12. Qe5+ Qe7 13. Qc3 Bxg2 14. Nxg2 Nc6 15. Qxc4 Qe6 16. Qc3 Nd4 17. Nf4 Qe4 18. f3 Qxf4 19. Bxf4 Nxe2+ 20. Kf2 Nxc3 21. Rfe1+ Kd8 22. bxc3 d6 23. Rab1 Kc7 24. c4 Kc6 25. h4 Rc8 26. Rb3 g6 27. Ra3 Ra8 28. Ra6+ Kb7 29. Ra3 h6 30. g4 Rd8 31. Rb3+ Kc6 32. Ra3 Kb7 33. Rb1+ Ka8 34. Re1 Kb7 35. Kg3 Rd7 36. Re8 Bg7 37. Rxh8 Bxh8 38. Bxh6 d5 39. cxd5 Rxd5 40. Be3 Bf6 41. Rb3+ Kc6 42. Ra3 Kb6 43. Rb3+ 1/2-1/2

[Event "CZE-chT2B 2223"]
[Site "Czech Republic"]
[Date "2023.01.22"]
[Round "7.1"]
[White "Zvara, Petr"]
[Black "Freisler, Pavel"]
[Result "0-1"]
[WhiteElo "2357"]
[BlackElo "2275"]
[PlyCount "71"]
[EventDate "2022.10.16"]
[EventType "team-tourn"]
[EventRounds "11"]
[EventCountry "CZE"]
[SourceTitle "EXT 2024"]
[Source "ChessBase"]
[SourceDate "2023.10.10"]
[SourceVersion "1"]
[SourceVersionDate "2023.10.10"]
[SourceQuality "1"]
[WhiteTeam "Bohemians"]
[BlackTeam "Kladno"]
[WhiteTeamCountry "CZE"]
[BlackTeamCountry "CZE"]

1. Nf3 Nf6 2. c4 e6 3. b3 d5 4. Bb2 Nbd7 5. e3 Bd6 6. Nc3 c6 7. Qc2 Qe7 8. Rc1 0-0 9. g4 Nxg4 10. Rg1 f5 11. cxd5 Nde5 12. Qd1 exd5 13. Nxe5 Bxe5 14. h3 Nf6 15. Qe2 Ne4 16. f4 Bf6 17. Kd1 a5 18. Qg2 a4 19. bxa4 Nxc3+ 20. Bxc3 Bxc3 21. Rxc3 Rxa4 22. Rc2 Be6 23. d4 Ra3 24. Qd2 Bf7 25. Rg3 Qe4 26. Rb2 Rfa8 27. Bg2 Bh5+ 28. Kc1 Qe7 29. Bf1 g6 30. Bd3 Kh8 31. Bb1 Re8 32. Rb3 Rxb3 33. axb3 Qa3+ 34. Qb2 Qb4 35. Qf2 Qc3+ 36. Qc2 0-1

[Event "CZE-chT2B 2223"]
[Site "Czech Republic"]
[Date "2022.12.04"]
[Round "4.1"]
[White "Freisler, Pavel"]
[Black "Lorenc, Tomas"]
[Result "1-0"]
[WhiteElo "2266"]
[BlackElo "2184"]
[PlyCount "121"]
[EventDate "2022.10.16"]
[EventType "team-tourn"]
[EventRounds "11"]
[EventCountry "CZE"]
[SourceTitle "EXT 2024"]
[Source "ChessBase"]
[SourceDate "2023.10.10"]
[SourceVersion "1"]
[SourceVersionDate "2023.10.10"]
[SourceQuality "1"]
[WhiteTeam "Kladno"]
[BlackTeam "Karlovy Vary"]
[WhiteTeamCountry "CZE"]
[BlackTeamCountry "CZE"]

1. Nf3 Nf6 2. c4 g6 3. Nc3 c5 4. g3 Nc6 5. Bg2 Bg7 6. d4 cxd4 7. Nxd4 Nxd4 8. Qxd4 0-0 9. 0-0 d6 10. Qd3 Be6 11. Bxb7 Rb8 12. Bg2 Qa5 13. b3 Qh5 14. Bd2 Bf5 15. e4 Ng4 16. h4 Ne5 17. Qe3 Bg4 18. f3 Bd7 19. Rad1 Nc6 20. Qg5 Bd4+ 21. Kh2 Qxg5 22. hxg5 h6 23. gxh6 f6 24. Bh3 Bxh3 25. Kxh3 Kf7 26. Kg2 Rh8 27. Rh1 Rh7 28. Nd5 Bc5 29. Be3 Rbh8 30. Bxc5 dxc5 31. Nc3 Rxh6 32. Rxh6 Rxh6 33. Na4 Rh5 34. f4 Nd4 35. Rd2 Nc6 36. g4 Rh6 37. Kg3 Rh1 38. Nxc5 Rg1+ 39. Kf3 g5 40. fxg5 Ne5+ 41. Kf2 Rxg4 42. gxf6 exf6 43. Nd3 Ke6 44. Nxe5 Kxe5 45. Re2 Kf4 46. Ke1 Rg1+ 47. Kd2 Ke5 48. Kc3 a5 49. Rf2 Rg3+ 50. Kb2 Rg6 51. Re2 Kd4 52. Ka3 Kd3 53. Re1 Kd2 54. Rh1 Ke3 55. Rh4 Kd4 56. Ka4 Rg5 57. Rh6 Ke5 58. c5 Rg2 59. Kxa5 Rxa2+ 60. Kb5 Rf2 61. Rh4 1-0

[Event "Pardubice rapid op 33rd"]
[Site "Pardubice"]
[Date "2022.07.21"]
[Round "6"]
[White "Freisler, Pavel"]
[Black "Neuman, Petr"]
[Result "0-1"]
[WhiteElo "2256"]
[BlackElo "2378"]
[PlyCount "86"]
[EventDate "2022.07.20"]
[EventType "swiss (rapid)"]
[EventRounds "9"]
[EventCountry "CZE"]
[SourceTitle "CBM 209 Extra"]
[Source "ChessBase"]
[SourceDate "2022.09.30"]
[SourceVersion "1"]
[SourceVersionDate "2022.09.30"]
[SourceQuality "1"]

1. d4 d6 2. c4 e5 3. Nc3 exd4 4. Qxd4 Nc6 5. Qd2 Nf6 6. g3 Be6 7. Nd5 Ne5 8. b3 a5 9. Bb2 a4 10. Bg2 axb3 11. axb3 Rxa1+ 12. Bxa1 c6 13. Nxf6+ Qxf6 14. Bc3 Qd8 15. Nh3 f6 16. Nf4 Bf7 17. 0-0 Be7 18. Ra1 0-0 19. Bh3 Qb6 20. Qc2 Re8 21. Ne6 Bf8 22. Bd4 c5 23. Nxf8 cxd4 24. Nd7 Qc7 25. Nxe5 dxe5 26. c5 e4 27. b4 Qe5 28. b5 d3 29. Qb1 dxe2 30. Bd7 Rb8 31. c6 bxc6 32. Bxc6 e3 33. f4 Qd4 34. Qe1 Bc4 35. Rc1 Qd2 36. Kg2 g5 37. Kf3 h5 38. h3 Kg7 39. Ra1 Kh6 40. Be4 Re8 41. fxg5+ Kxg5 42. h4+ Kh6 43. Qb1 Bd5 0-1

[Event "Pardubice rapid op 33rd"]
[Site "Pardubice"]
[Date "2022.07.21"]
[Round "8"]
[White "Vykouk, Jan"]
[Black "Freisler, Pavel"]
[Result "0-1"]
[WhiteElo "2476"]
[BlackElo "2256"]
[PlyCount "88"]
[EventDate "2022.07.20"]
[EventType "swiss (rapid)"]
[EventRounds "9"]
[EventCountry "CZE"]
[SourceTitle "CBM 209 Extra"]
[Source "ChessBase"]
[SourceDate "2022.09.30"]
[SourceVersion "1"]
[SourceVersionDate "2022.09.30"]
[SourceQuality "1"]

1. e4 e5 2. Nf3 Nc6 3. Bc4 Bc5 4. d3 Nf6 5. Nc3 d6 6. Na4 Bb6 7. Nxb6 axb6 8. a3 Qe7 9. h3 Be6 10. Bxe6 Qxe6 11. 0-0 0-0 12. Re1 Rfe8 13. Ng5 Qd7 14. f4 h6 15. Nf3 d5 16. Nxe5 Nxe5 17. fxe5 Rxe5 18. Bf4 Re7 19. e5 Rae8 20. Rf1 Nh7 21. Qf3 Re6 22. Rad1 Nf8 23. d4 c6 24. Rf2 f6 25. Qg4 fxe5 26. Bxe5 Ng6 27. Rdf1 Nxe5 28. dxe5 Qe7 29. Qd4 Qc5 30. Qxc5 bxc5 31. Rf7 R8e7 32. Rxe7 Rxe7 33. Rf5 Rf7 34. Rh5 Kh7 35. e6 Re7 36. c4 d4 37. Re5 Kg6 38. g4 Kf6 39. Rxc5 g6 40. Ra5 Rxe6 41. Ra8 Ke7 42. Rb8 d3 43. Rxb7+ Kd8 44. Rb3 Rd6 0-1

[Event "Pardubice rapid op 33rd"]
[Site "Pardubice"]
[Date "2022.07.20"]
[Round "2"]
[White "Freisler, Pavel"]
[Black "Haack, Stefan"]
[Result "1-0"]
[WhiteElo "2256"]
[BlackElo "1757"]
[PlyCount "63"]
[EventDate "2022.07.20"]
[EventType "swiss (rapid)"]
[EventRounds "9"]
[EventCountry "CZE"]
[SourceTitle "CBM 209 Extra"]
[Source "ChessBase"]
[SourceDate "2022.09.30"]
[SourceVersion "1"]
[SourceVersionDate "2022.09.30"]
[SourceQuality "1"]

1. d4 Nf6 2. Nf3 d5 3. c4 c6 4. e3 Bg4 5. h3 Bh5 6. g4 Bg6 7. Ne5 e6 8. Nc3 Be7 9. Nxg6 hxg6 10. cxd5 exd5 11. Bd2 Nbd7 12. Bd3 Qc7 13. Qf3 Nf8 14. 0-0-0 Ne6 15. Kb1 b5 16. Rc1 a6 17. h4 b4 18. Na4 a5 19. b3 Nd7 20. h5 gxh5 21. gxh5 Nb6 22. Nc5 Nxc5 23. dxc5 Nd7 24. e4 d4 25. Bf4 Qb7 26. Bd6 Bxd6 27. cxd6 a4 28. Bc4 Ne5 29. Qg3 Nxc4 30. Rxc4 axb3 31. Qe5+ Kf8 32. h6 1-0

[Event "CZE-ch"]
[Site "Usti nad Labem"]
[Date "2022.05.22"]
[Round "9"]
[White "Mica, Marek"]
[Black "Freisler, Pavel"]
[Result "0-1"]
[WhiteElo "2343"]
[BlackElo "2239"]
[PlyCount "78"]
[EventDate "2022.05.14"]
[EventType "swiss"]
[EventRounds "9"]
[EventCountry "CZE"]
[SourceTitle "CBM 208 Extra"]
[Source "ChessBase"]
[SourceDate "2022.07.31"]
[SourceVersion "1"]
[SourceVersionDate "2022.07.31"]
[SourceQuality "1"]

1. b3 d5 2. Bb2 Nf6 3. Nf3 g6 4. g3 Bg7 5. Bg2 c5 6. 0-0 Nc6 7. e3 0-0 8. Ne5 Qd6 9. Nxc6 Qxc6 10. c4 Be6 11. d3 Rad8 12. Qc2 Qc8 13. Rd1 Bh3 14. Bh1 b6 15. Nd2 Qf5 16. Nf3 Bg4 17. Qe2 Qh5 18. cxd5 Nxd5 19. Bxg7 Kxg7 20. Rac1 Rd6 21. e4 Nb4 22. d4 Nc6 23. dxc5 Rxd1+ 24. Rxd1 Ne5 25. Qb2 f6 26. Nxe5 Bxd1 27. Nd7 Rd8 28. c6 Bg4 29. Qa3 Kf7 30. Qxa7 Bh3 31. f3 Rxd7 32. Qxb6 Rd1+ 33. Kf2 Rxh1 34. Ke3 Rf1 35. g4 Qg5+ 36. Kd4 Qe5+ 37. Kc4 Rc1+ 38. Kb4 Qd6+ 39. Ka5 Rxc6 0-1

[Event "CZE-ch"]
[Site "Usti nad Labem"]
[Date "2022.05.17"]
[Round "4"]
[White "Freisler, Pavel"]
[Black "Mikes, Jan"]
[Result "0-1"]
[WhiteElo "2239"]
[BlackElo "2349"]
[PlyCount "82"]
[EventDate "2022.05.14"]
[EventType "swiss"]
[EventRounds "9"]
[EventCountry "CZE"]
[SourceTitle "CBM 208 Extra"]
[Source "ChessBase"]
[SourceDate "2022.07.31"]
[SourceVersion "1"]
[SourceVersionDate "2022.07.31"]
[SourceQuality "1"]

1. d4 f5 2. g3 Nf6 3. Bg2 e6 4. Nf3 Be7 5. 0-0 0-0 6. b3 a5 7. a4 Ne4 8. Bb2 Bf6 9. Nfd2 d5 10. f3 Ng5 11. e3 c5 12. Na3 Bd7 13. Qe2 Nf7 14. Rad1 g5 15. c3 Na6 16. Nb5 Rc8 17. Kh1 Kh8 18. e4 f4 19. e5 Be7 20. gxf4 gxf4 21. c4 Nb4 22. Bh3 Ng5 23. Bg4 Bxb5 24. axb5 Qe8 25. cxd5 Nxd5 26. Ne4 Qg6 27. Nxg5 Bxg5 28. Rg1 Ne3 29. Rc1 cxd4 30. Bxd4 Rxc1 31. Rxc1 Nxg4 32. Rg1 Nh6 33. Bc5 Re8 34. Qg2 Nf7 35. Qg4 Qf5 36. Qh5 Bh6 37. Qxf5 exf5 38. e6 Rxe6 39. Bd4+ Ne5 40. Rc1 Kg8 41. Rc8+ Bf8 0-1

[Event "Ceske Budejovice op"]
[Site "Ceske Budejovice"]
[Date "2021.07.06"]
[Round "6"]
[White "Freisler, Pavel"]
[Black "Nezval, Filip1111"]
[Result "1/2-1/2"]
[WhiteElo "2256"]
[BlackElo "2030"]
[PlyCount "175"]
[EventDate "2021.07.01"]
[EventType "swiss"]
[EventRounds "9"]
[EventCountry "CZE"]
[SourceTitle "CBM 203 Extra"]
[Source "ChessBase"]
[SourceDate "2021.09.30"]
[SourceVersion "1"]
[SourceVersionDate "2021.09.30"]
[SourceQuality "1"]

1. Nf3 d5 2. d4 Nf6 3. c4 e6 4. g3 Be7 5. Bg2 0-0 6. Qc2 dxc4 7. Qxc4 a6 8. Qc2 b5 9. Bg5 Bb7 10. Nbd2 Nbd7 11. Nb3 Be4 12. Qc1 Qc8 13. 0-0 a5 14. Bxf6 Bxf6 15. Nc5 Nxc5 16. Qxc5 Qb7 17. Ne1 Rfd8 18. e3 Bxg2 19. Nxg2 Rd5 20. Qc2 e5 21. dxe5 Rxe5 22. Rad1 c5 23. Rd2 Rc8 24. Rfd1 Ree8 25. Nf4 c4 26. Rd7 Rc7 27. Rxc7 Qxc7 28. Nd5 Qc6 29. Nxf6+ Qxf6 30. a4 Qc6 31. Rd4 Rc8 32. Qd2 h6 33. Rd6 Qc5 34. Rd5 Qb4 35. Qxb4 axb4 36. Rxb5 c3 37. bxc3 bxc3 38. Rb1 Rc4 39. a5 Ra4 40. Rc1 Rxa5 41. Rxc3 g6 42. Kg2 h5 43. h3 Ra4 44. Rd3 Kg7 45. Rd4 Ra2 46. Kf3 Rb2 47. Ra4 Rc2 48. Ra5 Kf6 49. Ra6+ Kg7 50. Ra4 Rb2 51. g4 hxg4+ 52. Rxg4 f5 53. Rf4 Ra2 54. Kg3 Rb2 55. h4 Rb5 56. Ra4 Kh6 57. Ra7 g5 58. Ra6+ Kh5 59. hxg5 Kxg5 60. f4+ Kh5 61. Rf6 Ra5 62. Kf3 Rb5 63. Re6 Rb3 64. Ke2 Ra3 65. Rb6 Ra2+ 66. Kf3 Ra3 67. Rc6 Ra2 68. Rf6 Ra5 69. Ke2 Rd5 70. Re6 Rd8 71. Ke1 Rd7 72. Rf6 Rd5 73. Ke2 Ra5 74. Kd3 Ra3+ 75. Kd4 Ra4+ 76. Ke5 Ra5+ 77. Ke6 Kg4 78. Kf7 Ra8 79. Re6 Rb8 80. Kf6 Rb5 81. Kg6 Ra5 82. Kh6 Rb5 83. Rg6+ Kf3 84. Kg5 Kxe3 85. Re6+ Kd4 86. Kf6 Ra5 87. Re5 Rxe5 88. fxe5 1/2-1/2

[Event "CZE-ch"]
[Site "Plzen"]
[Date "2020.08.25"]
[Round "3"]
[White "Hracek, Zbynek"]
[Black "Freisler, Pavel"]
[Result "1-0"]
[WhiteElo "2563"]
[BlackElo "2249"]
[PlyCount "137"]
[EventDate "2020.08.23"]
[EventType "swiss"]
[EventRounds "9"]
[EventCountry "CZE"]
[SourceTitle "CBM 198 Extra"]
[Source "ChessBase"]
[SourceDate "2020.11.30"]
[SourceVersion "1"]
[SourceVersionDate "2020.11.30"]
[SourceQuality "1"]

1. e4 e5 2. Nf3 Nc6 3. Bc4 Bc5 4. c3 Nf6 5. d4 exd4 6. e5 d5 7. Bb5 Ne4 8. cxd4 Bb6 9. Be3 0-0 10. Nc3 Bg4 11. h3 Bh5 12. Qc2 Bg6 13. Qb3 Ne7 14. 0-0 c6 15. Bd3 Nf5 16. Rfe1 Nxe3 17. Rxe3 Ng5 18. Nxg5 Qxg5 19. Bxg6 Qxg6 20. Rd1 f6 21. Na4 fxe5 22. Nxb6 axb6 23. dxe5 Qf5 24. Rd2 b5 25. e6 Rae8 26. e7 Rf7 27. Rde2 Qd7 28. Qb4 d4 29. Rd2 Rfxe7 30. Rxd4 Qc7 31. Qb3+ Kf8 32. Rxe7 Rxe7 33. g3 g6 34. Qc3 Kg8 35. Kg2 Re8 36. Qb3+ Kg7 37. Qc3 Kg8 38. h4 Qf7 39. a3 Qe6 40. Rf4 Qe5 41. Qb3+ Qe6 42. Qd3 h5 43. Rd4 Kg7 44. Rd6 Qf7 45. Qd4+ Kh7 46. g4 hxg4 47. Qxg4 Re7 48. Kg3 Qb3+ 49. f3 Rg7 50. Qe4 Qc4 51. Qxc4 bxc4 52. Kg4 Re7 53. f4 c3 54. bxc3 Re3 55. Rd7+ Kh6 56. Rxb7 Rxc3 57. a4 Ra3 58. Rb4 Rc3 59. f5 gxf5+ 60. Kxf5 c5 61. Rf4 c4 62. Ke5 Rc1 63. Kd5 c3 64. Kc4 c2 65. Kc3 Re1 66. Kxc2 Re8 67. a5 Rc8+ 68. Kb3 Rb8+ 69. Rb4 1-0

[Event "CZE-ch"]
[Site "Plzen"]
[Date "2020.08.24"]
[Round "2"]
[White "Freisler, Pavel"]
[Black "Simacek, Pavel"]
[Result "1-0"]
[WhiteElo "2249"]
[BlackElo "2474"]
[PlyCount "89"]
[EventDate "2020.08.23"]
[EventType "swiss"]
[EventRounds "9"]
[EventCountry "CZE"]
[SourceTitle "CBM 198 Extra"]
[Source "ChessBase"]
[SourceDate "2020.11.30"]
[SourceVersion "1"]
[SourceVersionDate "2020.11.30"]
[SourceQuality "1"]

1. d4 d6 2. c4 g6 3. Nf3 Nf6 4. g3 Bg7 5. Bg2 0-0 6. 0-0 Nc6 7. Nc3 a6 8. d5 Na5 9. Nd2 c5 10. Qc2 Rb8 11. a4 e6 12. b3 exd5 13. cxd5 Re8 14. Bb2 h5 15. h3 Bd7 16. Rfe1 b5 17. axb5 axb5 18. Nce4 Nxe4 19. Nxe4 Nb7 20. Ra7 Bf5 21. Bxg7 Bxe4 22. Qb2 Kh7 23. Bf6 Qc8 24. Qd2 Qf5 25. Bb2 Bxg2 26. Kxg2 g5 27. Qc3 Qe5 28. Qd2 Qf5 29. f3 b4 30. e4 Qg6 31. e5 h4 32. Re4 f5 33. Re2 hxg3 34. exd6 f4 35. Re7+ Rxe7 36. dxe7 Kh6 37. Qe2 Kh5 38. Rxb7 Re8 39. Rd7 Qf5 40. Rc7 Qxd5 41. Qc2 Qf7 42. Qe4 Qg6 43. Qxg6+ Kxg6 44. Be5 Kf7 45. Bd6 1-0

[Event "CZE-chT2B 1920"]
[Site "Czech Republic"]
[Date "2020.06.18"]
[Round "10.1"]
[White "Freisler, Pavel"]
[Black "Stockova, Zuzana"]
[Result "1-0"]
[WhiteElo "2259"]
[BlackElo "2301"]
[PlyCount "49"]
[EventDate "2019.10.13"]
[EventType "team-tourn"]
[EventRounds "11"]
[EventCountry "CZE"]
[SourceTitle "EXT 2024"]
[Source "ChessBase"]
[SourceDate "2023.10.10"]
[SourceVersion "1"]
[SourceVersionDate "2023.10.10"]
[SourceQuality "1"]
[WhiteTeam "Kladno"]
[BlackTeam "Karlovy Vary Tietz"]
[WhiteTeamCountry "CZE"]
[BlackTeamCountry "CZE"]

1. d4 Nf6 2. Nf3 g6 3. c4 Bg7 4. g3 0-0 5. Bg2 d6 6. 0-0 Nbd7 7. Nc3 e5 8. e4 exd4 9. Nxd4 Re8 10. h3 Nc5 11. Re1 a5 12. b3 c6 13. Rb1 Qb6 14. Be3 Qc7 15. Qc2 Bd7 16. a3 Rad8 17. Red1 Bc8 18. b4 Ncd7 19. f4 Nxe4 20. Nxe4 f5 21. Ng5 Rxe3 22. Nde6 Qb6 23. c5 Qa7 24. Nxd8 Nf6 25. Rxd6 1-0

[Event "Pardubice op rapid 30th"]
[Site "Pardubice"]
[Date "2019.07.18"]
[Round "4"]
[White "Chubar, Vladimir"]
[Black "Freisler, Pavel"]
[Result "0-1"]
[WhiteElo "1927"]
[BlackElo "2261"]
[PlyCount "46"]
[EventDate "2019.07.17"]
[EventType "swiss (rapid)"]
[EventRounds "9"]
[EventCountry "CZE"]
[SourceTitle "CBM 191 Extra"]
[Source "ChessBase"]
[SourceDate "2019.09.30"]
[SourceVersion "1"]
[SourceVersionDate "2019.09.30"]
[SourceQuality "1"]

1. Nf3 Nf6 2. d4 e6 3. Bg5 c5 4. e3 b6 5. d5 exd5 6. Nc3 Be7 7. Nxd5 Nxd5 8. Qxd5 Nc6 9. Bc4 0-0 10. 0-0-0 Rb8 11. Bf4 Rb7 12. a3 b5 13. Ba2 c4 14. c3 a5 15. h4 b4 16. axb4 axb4 17. Bxc4 bxc3 18. Ng5 Qb6 19. b3 Ba3+ 20. Kb1 c2+ 21. Ka1 cxd1Q+ 22. Rxd1 Qa5 23. Qe4 Qc3+ 0-1

[Event "Pardubice op rapid 30th"]
[Site "Pardubice"]
[Date "2019.07.18"]
[Round "5"]
[White "Freisler, Pavel"]
[Black "Dev, Shah"]
[Result "0-1"]
[WhiteElo "2261"]
[BlackElo "2147"]
[PlyCount "127"]
[EventDate "2019.07.17"]
[EventType "swiss (rapid)"]
[EventRounds "9"]
[EventCountry "CZE"]
[SourceTitle "CBM 191 Extra"]
[Source "ChessBase"]
[SourceDate "2019.09.30"]
[SourceVersion "1"]
[SourceVersionDate "2019.09.30"]
[SourceQuality "1"]

1. Nf3 d5 2. d4 Nf6 3. c4 c6 4. Qc2 dxc4 5. Qxc4 Bg4 6. Nbd2 Nbd7 7. g3 e6 8. Bg2 Bd6 9. 0-0 0-0 10. e4 Bxf3 11. Bxf3 e5 12. Bg2 Nb6 13. Qc3 Re8 14. Nb3 Qe7 15. dxe5 Bxe5 16. Qc2 Rad8 17. Re1 Qe6 18. Be3 Nc4 19. Nc5 Nxe3 20. Rxe3 Qe7 21. Rb3 b6 22. Nd3 c5 23. Nxe5 Qxe5 24. Rd1 Rxd1+ 25. Qxd1 c4 26. Rc3 b5 27. h3 Nxe4 28. Re3 f5 29. Qd7 Re7 30. Qd8+ Re8 31. Qd7 Re7 32. Qd8+ Kf7 33. Re2 Qd6 34. Qxd6 Nxd6 35. Rd2 Ke6 36. Bc6 Rc7 37. Re2+ Kf6 38. Bd5 Re7 39. Rc2 Re5 40. Bg8 h6 41. b3 Rc5 42. a4 bxa4 43. bxc4 a3 44. Ra2 Ra5 45. c5 Rxc5 46. Rxa3 a5 47. Kf1 Ne4 48. Ke2 Rc2+ 49. Ke3 Rc3+ 50. Rxc3 Nxc3 51. Kd4 Ne4 52. Ke3 Ke5 53. f4+ Kd6 54. g4 Nf6 55. Bb3 fxg4 56. hxg4 Nxg4+ 57. Ke4 Nf6+ 58. Kf5 h5 59. Kg5 Kc5 60. Kg6 h4 61. Be6 Kd6 62. Bf5 a4 63. Kxg7 a3 64. Bb1 0-1

[Event "Teplice op 14th"]
[Site "Teplice"]
[Date "2019.06.21"]
[Round "7"]
[White "Ahlander, Bjorn"]
[Black "Freisler, Pavel"]
[Result "0-1"]
[WhiteElo "2421"]
[BlackElo "2246"]
[PlyCount "158"]
[EventDate "2019.06.15"]
[EventType "swiss"]
[EventRounds "9"]
[EventCountry "CZE"]
[SourceTitle "CBM 191 Extra"]
[Source "ChessBase"]
[SourceDate "2019.09.30"]
[SourceVersion "1"]
[SourceVersionDate "2019.09.30"]
[SourceQuality "1"]

1. d4 Nf6 2. c4 e6 3. g3 Bb4+ 4. Nd2 0-0 5. Bg2 d6 6. a3 Bxd2+ 7. Qxd2 Nbd7 8. e3 e5 9. Ne2 Qe7 10. 0-0 Re8 11. b4 a5 12. Bb2 Nb6 13. Qc2 axb4 14. axb4 Rxa1 15. Rxa1 exd4 16. Nxd4 d5 17. cxd5 Nbxd5 18. b5 h5 19. e4 Nb6 20. Rc1 h4 21. f3 hxg3 22. hxg3 Qb4 23. Ba1 Bd7 24. Qxc7 Rc8 25. Qf4 Rxc1+ 26. Qxc1 Bxb5 27. Nf5 Bd7 28. Nxg7 Kxg7 29. Qg5+ Kf8 30. Bxf6 Be6 31. Qg7+ Ke8 32. Qg8+ Kd7 33. Qd8+ Kc6 34. f4 Nd7 35. f5 Qe1+ 36. Kh2 Qf2 37. e5+ Bd5 38. Kh3 Bxg2+ 39. Kg4 Qf3+ 40. Kg5 Qxg3+ 41. Kh6 Qh3+ 42. Kg7 Qxf5 43. Qe7 Qg6+ 44. Kh8 Qh6+ 45. Kg8 Nxf6+ 46. exf6 Qg5+ 47. Kh8 Qd5 48. Qe8+ Qd7 49. Qe2 Bd5 50. Qc2+ Kb6 51. Kg7 Qg4+ 52. Kf8 Qb4+ 53. Kg7 Qc4 54. Qb2+ Kc6 55. Qa3 Qc5 56. Qa8 Kd7 57. Qa4+ b5 58. Qg4+ Kc7 59. Qf4+ Qd6 60. Qe3 Kb7 61. Qd4 b4 62. Kg8 b3 63. Kg7 Qc6 64. Qb4+ Qb6 65. Qe7+ Ka6 66. Qa3+ Kb5 67. Qb2 Qg1+ 68. Kf8 Qe3 69. Qh2 Qd4 70. Qe2+ Kb4 71. Kg7 b2 72. Qe1+ Kb3 73. Qg3+ Ka2 74. Qh2 Ka1 75. Qd6 b1Q 76. Qa3+ Ba2 77. Qe7 Qg6+ 78. Kf8 Qh6+ 79. Ke8 Qh8+ 0-1

[Event "Teplice op 14th"]
[Site "Teplice"]
[Date "2019.06.20"]
[Round "6"]
[White "Freisler, Pavel"]
[Black "Halvax, Georg"]
[Result "1/2-1/2"]
[WhiteElo "2246"]
[BlackElo "2408"]
[PlyCount "61"]
[EventDate "2019.06.15"]
[EventType "swiss"]
[EventRounds "9"]
[EventCountry "CZE"]
[SourceTitle "CBM 191 Extra"]
[Source "ChessBase"]
[SourceDate "2019.09.30"]
[SourceVersion "1"]
[SourceVersionDate "2019.09.30"]
[SourceQuality "1"]

1. Nf3 d5 2. d4 Nf6 3. c4 e6 4. g3 Be7 5. Bg2 0-0 6. 0-0 dxc4 7. Qc2 b6 8. Bg5 Nd5 9. Bxe7 Qxe7 10. Qxc4 Ba6 11. Qc2 Nd7 12. Re1 c5 13. Nc3 Nxc3 14. Qxc3 Rac8 15. Qa3 Nb8 16. Rac1 Rfd8 17. e3 Kf8 18. dxc5 Rxc5 19. Rxc5 Qxc5 20. b4 Qe7 21. Nd4 Rc8 22. Qa4 e5 23. Nc6 Nxc6 24. Bxc6 Bd3 25. b5 Rd8 26. Be4 Bxe4 27. Qxe4 g6 28. Rc1 Rd2 29. Rc2 Rxc2 30. Qxc2 Qc5 31. Qa4 1/2-1/2